Legend of Zelda: Breath of the Wild - Stables - Statistics

General Stats
  • This quiz has been taken 145 times
  • The average score is 9 of 15
Answer Stats
Region Stable % Correct
West Necluda Dueling Peaks Stable
75%
Hyrule Field Riverside Stable
70%
Akkala Highlands South Akkala Stable
66%
Great Hyrule Forest Woodland Stable
65%
Deep Akkala East Akkala Stable
63%
Hyrule Ridge Tabantha Stable
63%
Tabantha Frontier Rito Stable
59%
Tabantha Tundra Snowfield Stable
57%
Lanayru Wetlands Wetland Stable
57%
Eldin Canyon Foothill Stable
53%
Gerudo Highlands Gerudo Canyon Stable
51%
Faron Grasslands Highland Stable
48%
East Necluda Lakeside Stable
47%
Hyrule Field Outskirt Stable
46%
Great Hyrule Forest Serenne Stable
46%
No matching quizzes found
Score Distribution
Percent of People with Each Score
Percentile by Number Answered
Your Score History
You have not taken this quiz